Score 0/15 Timer 04:00
0 Plays Today
Question Answer % Correct
In the 'roses are red' poem, what type of flowers are blue?violets
93.6%
In the US, a blue state refers to a state that primarily votes for what major political party?Democratic Party
93.2%
What blue jean company was founded in 1853 in San Francisco, California?Levi Strauss & Co.
90%
What children's author wrote the beginner's book 'One Fish Two Fish Red Fish Blue Fish'?Dr. Seuss
80.6%
Who co-founded the band, the Blues Brothers, on SNL with Dan Aykroyd in 1976?John Belushi
74%
'Pocket Monsters Blue' is a special edition of what popular video game franchise?Pokémon
65.6%
The Blue Ridge Mountains in North America are part of what larger mountain range?Appalachian
64.4%
The children's show 'Blue's Clues' premiered in 1996 on what television network?Nickelodeon
55.7%
Question Answer % Correct
What holiday often features paraphernalia colored blue, white & silver?Hanukkah
42.9%
In 2015, Blue Bell Creameries issued a recall after an outbreak of what type of bacteria?Listeria
31.4%
What actress won critical acclaim & an Oscar for the 2013 film 'Blue Jasmine'?Cate Blanchett
30.5%
'Blue (Da Ba Dee)' was the debut single of what Italian, Eurodance group?Eiffel 65
21.2%
In heraldry, what is the name used for blue?azure
19.3%
Introduced in 2006, Blue is the official mascot of what NFL team? Indianapolis Colts
17.3%
What blue-skinned, Hindu god is recognized as the eighth avatar of the God Vishnu?Krishna
17.1%
Remove Ads.
Support Sporcle.
Get the best of Sporcle when you Go Orange. This ad-free experience offers more features, more stats, and more fun while also helping to support Sporcle. Thank you for becoming a member.

You're not logged in!

Compare scores with friends on all Sporcle quizzes.
OR
Log In

Sporcle TV

Today on Sporcle TV


Watch our educational content, quiz creation guides, and fun videos on Sporcle TV.

Show Comments

Extras

Top Quizzes Today


Score Distribution

Paid Content

Your Account Isn't Verified!

In order to create a playlist on Sporcle, you need to verify the email address you used during registration. Go to your Sporcle Settings to finish the process.

Report this User

Report this user for behavior that violates our Community Guidelines.

Details: